| Registos Bibliográficos associados ao registo de autoridade |
|
Etiqueta de registo: 00841cam 02200265 04500 001 278294 003 http://id.bnportugal.gov.pt/bib/catbnp/278294 005 19981208200200.0 095 ## $aPTBN00289447 100 ## $a19000001d1711 k y0pora0103 ba 101 0# $alat 102 ## $aIT$bRoma 200 1# $aBibliothecae Josephi Renati Imperialis... catalogus.. 210 #9 $aRomae$cex officina typographica Francisci Gonzagae,$d1711 215 ## $a[2], V, [1], 738 p.$cil.$d2º (36 cm) 300 ## $aNUC 265, p. 243 300 ## $aCompil. Giusto Fontanini 300 ## $aErros de pag 300 ## $aTexto a 2 coln. 675 ## $a017.2 Imperiali, G. R.$vmed$zfre$3446336 702 #1 $aFontanini,$bGiusto,$f1666-1736$4220$339544 702 #1 $aImperiali,$bGiuseppe Renato,$f1651-1737$4390$389376 702 #1 $aGonzaga,$bFrancesco,$ffl. 1703-1719$4610$359339 801 #0 $aPT$bBN$gRPC 966 ## $lBN$mFGMON$sB. 107 A. 966 ## $lBN$mFGMON$sB. 115 A. $x0 997 ## $aBIBEOD
Etiqueta de registo: 00254nbm 2200025 450 001 2284999 003 http://id.bnportugal.gov.pt/bib/catbnp/2284999 100 ## $a20260422f17011750k y0pory01030103ba 101 0# $alat 102 ## $aPT 105 ## $ay z 000yy 106 ## $ah 200 1# $aAspectus. Bibliothecñ Iosephi Renati Imperialis S[anctñ] R[omanñ] E[cclesiñ] Diaconi
Cardinalis Sancti Georgii$bManuscrito] 210 #1 $d[1701-1750] 215 ## $a[62] f., enc.$d22 cm 300 ## $aCópia cuidada 304 ## $aTexto em latim 307 ## $aMarca da acção de insectos 307 ## $aEncadernação, intervencionada, em pastas de cartão revestida a papel, e lombada e
cantos a pele castanha 316 ## $aCota antiga: V-3-25 316 ## $aCota antiga: B-5-53 327 11 $aCatálogo organizado por secções temáticas: teologia (f. [2-13]), jurisprudência (f.
[14-34]), filosofia e história (f. [35-59]), filologia, gramática, retorica e poesia
(f. [59-62]) 512 ## $aAspectus Bibliothecñ Iosephi Renati Imperialis 702 #1 $aImperiali,$bGiuseppe Renato,$f1651-1737$4100$389376 801 #0 $aPT$bBN$gRPC 966 ## $lBN$mRESMAN$sCOD. 7094 971 ## $cmrosario$d20260422
|
|
|